Statistiques concernant Films et Séries du MCU

Cliquez ici pour prendre le quiz!

Statistiques générales

  • Ce quiz a été pris 43 fois
  • Le résultat moyen est 24 sur 40

Statistiques - réponses

HintRéponse% Correct
2008Iron Man
92%
2011Thor
86%
2012Avengers
83%
2010Iron Man 2
81%
2013Iron Man 3
81%
2015Ant-Man
75%
2021Black Widow
75%
2016Doctor Strange
75%
2016Captain America: Civil War
72%
2011Captain America: First Avenger
72%
2021Loki S1
72%
2021WandaVision S1
72%
2018Ant-Man et la Guêpe
69%
2019Avengers: Endgame
69%
2015Avengers: l'Ere d'Ultron
69%
2008L'incroyable Hulk
69%
2018Avengers; Infinity War
67%
2017Spider-Man: Homecoming
67%
2021Spider-Man: No Way Home
67%
2017Thor: Ragnarok
67%
2014Captain America: Le Soldat de l'Hiver
64%
2019Captain Marvel
64%
2014Les Gardiens de la Galaxie
64%
2018Black Panther
61%
2019Spider-Man: Far From Home
61%
2022Thor: Love & Thunder
61%
2021Hawkeye S1
56%
2021Les Eternels
56%
2021Shang-Chi et la légende des dix anneaux
56%
2023Ant-Man et la Guêpe: Quantumania
53%
2022Black Panther: Wakanda Forever
53%
2013Thor: Le Monde Des Ténèbres
53%
2022She-Hulk S1
50%
2017Les Gardiens de la Galaxie Vol. 2
47%
2021Falcon et le Soldat de l'Hiver S1
39%
2022Moon Knight S1
33%
2022Ms. Marvel S1
19%
2022Werewolf by Night
17%
2022Doctor Strange: In the Multivers of Madness
14%
2022Les Gardiens de la Galaxie: Joyeuse fête
3%

Distribution des résultats

Percentile par nombre de réponses

% des personnes avec chaque résultat

Votre développement - résultats

Vous n’avez pas pris ce quiz